Diego de Covarrubias y Leyva maestro de derecho internacional.
Gardado en:
| Autor Principal: | |
|---|---|
| Formato: | Libro |
| Publicado: |
Madrid, España:
Asociación "Francisco de Vitoria",
1957.
|
| Subjects: | |
| Tags: |
Engadir etiqueta
Sen Etiquetas, Sexa o primeiro en etiquetar este rexistro!
|
MARC
| LEADER | 00000nam a22000007a 4500 | ||
|---|---|---|---|
| 003 | CL-VaPUC | ||
| 005 | 20220822114653.0 | ||
| 008 | 220720t1957 ||||| |||| 00| 0 eng d | ||
| 999 | |c 437295 |d 437293 | ||
| 040 | |c Pontificia Universidad Católica de Valparaíso | ||
| 082 | 7 | |a 341.092 PER 1957 |2 22 | |
| 100 | |a Pereña Vicente, Luciano |9 296180 |e autor | ||
| 245 | |a Diego de Covarrubias y Leyva maestro de derecho internacional. | ||
| 260 | |a Madrid, España: |b Asociación "Francisco de Vitoria", |c 1957. | ||
| 300 | |a 201 páginas. | ||
| 500 | |a c.1 Donación Familia Prof. Alejandro Guzmán Brito. | ||
| 583 | |c 20220720 |k Cristina María Rojas Aguilar | ||
| 600 | |a Covarrubias y Leyva, Diego de, |d 1512-1577. |x Jurista |x Derecho internacional |9 873694 | ||
| 942 | |2 ddc |c BK |n 0 | ||
| 952 | |0 0 |1 0 |2 ddc |4 0 |6 341_092000000000000_PER_1957 |7 0 |8 C_AGB |9 585053 |a BIBDER |b BIBDER |d 2022-07-20 |e Donación |i 5653116 |o 341.092 PER 1957 |p 5653116 |r 2023-01-25 |t 1 |w 2022-07-20 |y BK_US |k AGB | ||